00000000nam 2200000zi 4500
0019.939030
003CaOODSP
00520250107144100
006m     o  d f      
007cr |n|||||||||
008240605e198206##oncd||| obs  f00| 0|eng d
040 |aCaOODSP|beng|erda|cCaOODSP
043 |an-cn---
0861 |aCo22-713/1980E-PDF
1001 |aBraden, J., |eauthor.
24510|aCharts & graphs : |bcable television industry 1980 / |ccompiled by J. Braden and B. Shiell.
2463 |aCharts and graphs : |bcable television industry 1980
264 1|a[Ottawa] : |bStatistical Information Services, Communications Economics Branch, Department of Communications, |cJune 1982.
300 |a1 online resource (33 pages) : |bcharts
336 |atext|btxt|2rdacontent
337 |acomputer|bc|2rdamedia
338 |aonline resource|bcr|2rdacarrier
500 |aDigitized edition from print [produced by Innovation, Science and Economic Development Canada].
504 |aIncludes bibliographical references.
520 |a"The purpose of this handbook is two-fold. It is intended to serve as a quick reference source for some of the major statistical indicators on the Canadian Cable Television Industry. Secondly, information on selected characteristics is provided and current trends in the industry are illustrated through the use of short narratives and accompanying charts and graphs"--page 2.
650 0|aCable television|zCanada|vStatistics.
650 0|aTelevision broadcasting|zCanada|vStatistics.
650 6|aTélédistribution|zCanada|vStatistiques.
650 6|aTélévision|zCanada|vStatistiques.
655 7|aStatistics|2lcgft
655 7|aStatistiques|2rvmgf
7101 |aCanada. |bDepartment of Communications, |eissuing body.
794 |tCable television industry overview : |b[1981]|w(CaOODSP)9.939032
795 |tCable television industry : |b[1979]|w(CaOODSP)9.939029
85640|qPDF|s955 KB|uhttps://publications.gc.ca/collections/collection_2025/isde-ised/co22/Co22-713-1980-eng.pdf